The House of Intellect /

Guardat en:
Dades bibliogràfiques
Autor principal: Barzun, Jacques (autor)
Format: Llibre
Idioma:anglès
Publicat: Nueva York, EUA : Harper, 1959, c1959,
Matèries:
Etiquetes: Afegir etiqueta
Sense etiquetes, Sigues el primer a etiquetar aquest registre!

MARC

LEADER 00000nam^a2200000^a^4500
001 000259995
005 20250521000000.0
009 20260526133558.425
037 |a Acervo Xavier Clavigero 
041 |a ING 
082 |a 153.  |b BAR 
100 |a Barzun, Jacques  |e (autor) 
245 1 4 |a The House of Intellect /  |c J. Barzun. 
264 4 |a Nueva York, EUA :  |b Harper,  |c 1959, c1959, 
300 |a VIII, 276 p. 
336 |a texto  |b txt  |2 rdacontenido 
337 |a sin mediación  |b n  |2 rdamedio 
338 |a volumen  |b nc  |2 rdasoporte 
649 |a XX 
650 |a Inteligencia 
650 |a Psicología Cognitiva 
650 |a Desarrollo Cognoscitivo 
650 |a Competencia Lingüística 
650 |a Competencia Comunicativa 
650 |a Competencias (Educación) 
650 |a Conversaciones 
650 |a Significado 
650 |a Lenguaje y Lenguas 
650 |a Lenguaje y Pensamiento 
650 |a Creatividad 
650 |a Solidaridad 
650 |a Educación 
650 |a Etiqueta (Urbanidad) 
650 |a Interacción Social 
650 |a Psicología Educativa 
650 |a Psicología 
910 |a Fondo General 
920 |a Impresos - Libros 
930 |a Colección General 
905 |a 101 
901 |a 031373  |b IT1  |c ACC  |u 20250521 
902 |a https://opac.biblio.iteso.mx/vufind/Record/000259995